banner-ar

الصحراوات المصرية : (Record no. 8558)

MARC details
000 -الفاتح
حقل البيانات ثابتة الطول 01039nam a2200253Ia 4500
005 - وقت وتاريخ اخر تعامل مع التسجيلة
رقم الضبط 20240530095559.0
008 - عناصر البيانات ثابتة الطول - معلومات عامة
حقل البيانات ثابتة الطول 140319s9999 xx 000 0 ara d
020 ## - الرقم الدولى المعيارى للكتب
الرقم الدولى المعيارى للكتاب 5193305977
040 ## - مصدر الفهرسة
وكالة الفهرسة الأصلية GCL /
وكالة النسخ GCL
082 04 - رقم تصنيف ديوى العشرى
رقم التصنيف 916.2
رقم المادة ق/أ ص
100 1# - المدخل الرئيسى - إسم شخصى
الإسم الشخصى جاب الله على جاب الله
245 10 - بيان العنوان
العنوان الصحراوات المصرية :
بقية العنوان المجلد الثانى - واحات البحرية والفرافرة /
بيان المسئوليه,etc جاب الله على جاب الله
260 ## - PUBLICATION, DISTRIBUTION, ETC. (IMPRINT)
تاريخ النشر أو التوزيع 1999
300 ## - الوصف المادى
التعداد 212 ص ؛
أبعاد الوعاء 22 سم
490 ## - بيان السلسلة
عنوان السلسلة سلسلة الثقافة الاثرية والتاريخية مشروع المائة كتاب
رقم المجلد/ التعيين التسلسلي 30
650 04 - المدخل الاضافى بالموضوع-مصطلح موضوعى
مصطلح موضوعي الاثار الفرعونية
650 04 - المدخل الاضافى بالموضوع-مصطلح موضوعى
مصطلح موضوعي الواحات البحرية - تاريخ
650 04 - المدخل الاضافى بالموضوع-مصطلح موضوعى
مصطلح موضوعي واحة الفرافرة - تاريخ
650 04 - المدخل الاضافى بالموضوع-مصطلح موضوعى
مصطلح موضوعي الواحات البحرية - وصف ورحلات
700 1# - المدخل الاضافى - اسم شخصى
الإسم الشخصى احمد فخرى
700 1# - المدخل الاضافى - اسم شخصى
الإسم الشخصى شوقى عبدالقوى عثمان
942 ## - عناصر المدخل الإضافي( كوها)
مصدر التصنيف او مخطط الترفيف Dewey Decimal Classification
Koha [default] item type كتاب
260 ## - PUBLICATION, DISTRIBUTION, ETC. (IMPRINT)
-- القاهرة :
-- المجلس الاعلى للاثار ،
Holdings
حالة التراجع حالة الفقد مصدر التصنيف او خطة الترفيف حالة تلف ليس للاعارة المكان المؤقت الموقع الحالى تاريخ الاكتساب اجمالي اﻻعارات رقم الطلب الباركود تاريخ اخر مشاهدة تاريخ تفعيل السعر نوع وعاء كوها
    ddc     مكتبة القاهرة الكبرى مكتبة القاهرة الكبرى 03/26/2014   916.2 ق/أ ص 17890 03/26/2014 03/26/2014 كتاب
    ddc     مكتبة القاهرة الكبرى مكتبة القاهرة الكبرى 03/26/2014   916.2 ق/أ ص 17891 03/26/2014 03/26/2014 كتاب
    ddc     مكتبة القاهرة الكبرى مكتبة القاهرة الكبرى 03/26/2014   916.2 ق/أ ص 17892 03/26/2014 03/26/2014 كتاب

Powered By

EGPV